United States--east coast, Rhode Island--Connecticut--New York, Fishers Island Sound /

Bibliographic Details
Previous Title:U.S. Coast and Geodetic Survey United States--Gulf coast, Florida, Estero Bay to Lemon Bay, including Charlotte Harbor
Corporate Author: United States Coast Survey
Format: Government Document Map Serial
Language:English
Published: Washington, D.C. : U.S. Dept. of Commerce, National Oceanic and Atmospheric Administration, National Ocean Service, Coast Survey ; 2000-
Subjects:

MARC

Tag First Indicator Second Indicator Subfields
LEADER 00000ces a2200000 a 4500
001 in00002201643
005 20151104104239.0
007 aj canzn
008 030204c20009999dcuag kbd c f 0 eng d
010 |a  2006231544 
034 1 |a a  |b 20000  |d W0720300  |e W0715000  |f N0412200  |g N0411500 
035 |a (OCoLC)ocm51572550 
037 |b FAA, AVN-530, NACO Distribution Division, Greenbelt, MD 20770 
037 |a NSN 7642-01-401-0442  |b DOD 
037 |a 13 XHA 13214  |b NGA 
037 |a 13214  |b NOS 
040 |a ACM  |c ACM  |d OCLCQ  |d GPO  |d MvI  |d UtOrBLW 
043 |a n-us-ct  |a n-us-ny  |a n-us-ri 
049 |a UDOC 
052 |a 3772  |b B55 
052 |a 3802  |b F53 
074 |a 0191-B-13 
086 0 |a C 55.418/7:13214 
110 2 |a United States Coast Survey. 
245 1 0 |a United States--east coast, Rhode Island--Connecticut--New York, Fishers Island Sound /  |c Coast Survey. 
246 3 0 |a Fishers Island Sound 
255 |a Scale 1:20,000 at Lat. 41⁰18ʹ ;  |b Mercator proj.  |c (W 72⁰03ʹ--W 71⁰50ʹ/N 41⁰22ʹ--N 41⁰15ʹ). 
264 1 |a Washington, D.C. :  |b U.S. Dept. of Commerce, National Oceanic and Atmospheric Administration, National Ocean Service, Coast Survey ;  |c 2000- 
264 2 |a [Greenbelt, Md.] :  |b [FAA, AVN-530, NACO Distribution Division], 
336 |a cartographic image  |b cri  |2 rdacontent 
337 |a unmediated  |b n  |2 rdamedia 
338 |a sheet  |b nb  |2 rdacarrier 
362 0 |a 26th ed. (Apr. 1/00)- 
300 |a maps :  |b color ;  |c 79 x 102 cm. 
310 |a Irregular 
500 |a Depths shown by isolines and soundings. 
500 |a Relief shown by contours, hachures, and spot heights. 
500 |a "Soundings in feet." 
500 |a Includes source diagram, tidal information, and table of channel depths. 
500 |a Latest issue consulted: 28th edition, Apr. 2006. 
515 |a "Formerly C&GS 358, 1st ed., Jun 1897. KAPP 2142." 
515 |a Numbering realigned 1974 to conform to a uniform US numbering system for all navigation charts. 
500 |a Cartographic material. 
651 0 |a Fishers Island Sound (Conn. and N.Y.)  |x Navigation. 
651 0 |a Block Island Sound (R.I.)  |x Navigation. 
780 0 0 |a U.S. Coast and Geodetic Survey  |t United States--Gulf coast, Florida, Estero Bay to Lemon Bay, including Charlotte Harbor  |w (DLC) 2006231544  |w (OCoLC)70825869 
999 |a MARS 
999 f f |s 4a06509b-d6ee-3395-9c19-08c01e44ffec  |i 2f328f6a-d396-34b9-bbc2-962ccae7a0f7  |t 0 
952 f f |p normal  |a Texas A&M University  |b College Station  |c Sterling C. Evans Library  |d Evans: Maps (2nd floor)  |t 0  |e C 55.418/7:13214/  |h Superintendent of Documents classification  |i unmediated -- sheet  |k 29th ed.  |l 2010  |m A14833737374 
952 f f |p normal  |a Texas A&M University  |b College Station  |c Sterling C. Evans Library  |d Evans: Maps (2nd floor)  |t 0  |e C 55.418/7:13214/  |h Superintendent of Documents classification  |i unmediated -- sheet  |k 2002  |m A14829022068 
952 f f |p normal  |a Texas A&M University  |b College Station  |c Sterling C. Evans Library  |d Evans: Maps (2nd floor)  |t 0  |e C 55.418/7:13214/  |h Superintendent of Documents classification  |i unmediated -- sheet  |k 2004  |m A14832014765 
952 f f |p normal  |a Texas A&M University  |b College Station  |c Sterling C. Evans Library  |d Evans: Maps (2nd floor)  |t 0  |e C 55.418/7:13214/  |h Superintendent of Documents classification  |i unmediated -- sheet  |k 2006  |m A14834530270 
952 f f |p normal  |a Texas A&M University  |b College Station  |c Sterling C. Evans Library  |d Evans: Maps (2nd floor)  |t 0  |e C 55.418/7:13214/  |h Superintendent of Documents classification  |i unmediated -- sheet  |k 30th ed.  |l 2014  |m A14839400048 
998 f f |a C 55.418/7:13214/  |s 30th ed. (2014)  |t 0  |l Evans: Maps (2nd floor)